• 首页
  • 本馆介绍
  • 公告通知
  • 最新文献
  • 馆藏检索
  • 电子资源
  • 读者导购
  • 参考咨询
  • 我的图书馆
  • 登录
  • 详细信息显示
  • 放入我的书架
  • 预约/预借图书
  • 作者相关作品
  • 分类相关作品
  • 丛书相关作品
  • 出版社相关作品

书目信息

  • 表格格式
  • 工作单格式
  • 卡片格式
题名:
《共产党宣言》全球化二重性思想研究
    
 
作者: 刘明华 著
分册:  
出版信息: 北京   人民出版社  2012.12
页数: 192页
开本: 23cm
丛书名:
单 册:
中图分类: A811.22
科图分类:
主题词:
电子资源:
ISBN: 978-7-01-011404-0
000 01229nam0 2200241 45
001 1360562187
005 20130530171307.67
010    @a978-7-01-011404-0@dCNY38.00
100    @a20130513d2012 em y0chiy50 ea
101 0  @achi
102    @aCN@b110000
105    @ay z 000yy
106    @ar
200 1  @a《共产党宣言》全球化二重性思想研究@A《 Gong Chan Dang Xuan Yan》 Quan Qiu Hua Er Zhong Xing Si Xiang Yan Jiu@dThe communist manifesto globalization twoness thought research@f刘明华著@FLiu Ming Hua Zhu@zeng
210    @a北京@c人民出版社@d2012.12
215    @a192页@d23cm
330    @a本书以《共产党宣言》文本为依据,紧密联系资本主义的全球扩张过程和世界范围的社会主义发展历史,着力从全球化视域论证了“两个必然”在当今世界的实践进程;从《共产党宣言》全球化二重性思想的两个基础理论(阶级斗争理论、生产力理论)的中国化视角,论证了“两个必然”在中国革命、建设阶段的实践进程及其规律,并在此基础上提出了中国特色社会主义在全球化进程中的战略选择和应对策略。
510 1  @aCommunist manifesto globalization twoness thought research@zeng
605    @a《共产党宣言》@x马恩著作研究
690    @aA811.22@v5
701  0 @a刘明华@ALiu Ming Hua@f(1966.12-)@4著
801    @aCN@bTANGWEI@c20130523
905    @b0835500-03@dA811.22@e235@f4
    
    《共产党宣言》全球化二重性思想研究=The communist manifesto globalization twoness thought research/刘明华著.-北京:人民出版社,2012.12
    192页;23cm
    
    
    ISBN 978-7-01-011404-0:CNY38.00
    本书以《共产党宣言》文本为依据,紧密联系资本主义的全球扩张过程和世界范围的社会主义发展历史,着力从全球化视域论证了“两个必然”在当今世界的实践进程;从《共产党宣言》全球化二重性思想的两个基础理论(阶级斗争理论、生产力理论)的中国化视角,论证了“两个必然”在中国革命、建设阶段的实践进程及其规律,并在此基础上提出了中国特色社会主义在全球化进程中的战略选择和应对策略。
●
相关链接 在E读中查询图书 在五车中查询图书 在当当中查询图书 在豆瓣中查询图书


正题名:《共产党宣言》全球化二重性思想研究     索取号:A811.22/235         预约/预借

序号 登录号 条形码 馆藏地/架位号 状态 备注
1 0835500   208355000   第一样本阅览室/ [索取号:A811.22/235] 在馆    
2 0835501   208355019   第一借阅区/ [索取号:A811.22/235] 在馆    
3 0835502   208355028   第一借阅区/ [索取号:A811.22/235] 在馆    
4 0835503   208355037   第一借阅区/ [索取号:A811.22/235] 在馆    
唐山师范学院图书馆 欢迎您!
大连网信软件有限公司© 版权所有